Administrative Districts of Armenia - Statistics

General Stats
  • This quiz has been taken 9 times
  • The average score is 6 of 11
Answer Stats
Administrative District % Correct
Yerevan
100%
Ararat
75%
Armavir
50%
Lori
50%
Syunik
50%
Tavush
50%
Aragatsotn
38%
Gegharkunik
38%
Kotayk
38%
Vayots Dzor
38%
Shirak
25%
No matching quizzes found
Score Distribution
Percent of People with Each Score
Percentile by Number Answered
Your Score History
You have not taken this quiz